[Event "POL-chT2"]
[Site "Poronin POL"]
[Date "2016.09.08"]
[Round "6.13"]
[White "Szymanski, Piotr"]
[Black "Krysztofiak, Marcin"]
[Result "0-1"]
[WhiteElo "2260"]
[BlackElo "2378"]
[EventDate "2016.09.02"]

1.d4 Nf6 2.Nf3 e6 3.Bg5 h6 4.Bh4 b6 5.e3 Bb7 6.Bd3 g5 7.Bg3 g4 8.Ne5 h5 9.
O-O d6 10.Nc4 Ne4 11.Bxe4 Bxe4 12.Nbd2 Bb7 13.f3 Qg5 14.Qe2 Nd7 15.Qf2 h4 
16.Bf4 Qg6 17.e4 gxf3 18.Qxf3 O-O-O 19.Be3 Rg8 20.Rf2 f5 21.exf5 exf5 22.
d5 Nf6 23.Qxf5+ Qxf5 24.Rxf5 Nxd5 25.Rg5 Be7 26.Rxg8 Rxg8 27.Kf2 b5 28.Na5
Nxe3 29.Kxe3 Rxg2 30.Ne4 Rxc2 31.Nxb7 Kxb7 32.Rf1 d5 33.Nc3 Kc6 34.Rf5 
Bc5+ 35.Kd3 Rxb2 36.Rxd5 Rxh2 37.Rh5 a6 38.Ne4 Bb4 39.Kd4 Rxa2 40.Rxh4 Kb6
41.Rh6+ c6 42.Nf6 Rd2+ 43.Ke4 Bc3 0-1

[Event "POL-chT2"]
[Site "Poronin POL"]
[Date "2016.09.08"]
[Round "6.14"]
[White "Grabarczyk, Miroslaw"]
[Black "Krzywda, Andrzej"]
[Result "1-0"]
[WhiteElo "2438"]
[BlackElo "2148"]
[EventDate "2016.09.02"]

1.d4 Nf6 2.c4 g6 3.Nf3 Bg7 4.g3 O-O 5.Bg2 d6 6.Nc3 Nc6 7.O-O Bg4 8.d5 Na5 
9.b3 c5 10.Bd2 a6 11.h3 Bd7 12.e4 b5 13.e5 Ne8 14.cxb5 axb5 15.Re1 Nc7 16.
Bf4 Ra6 17.Qd2 b4 18.Ne4 c4 19.bxc4 Nxc4 20.Qxb4 Ra4 21.Qb3 Nxd5 22.Rac1 
Nxf4 23.gxf4 d5 24.Nc5 Ra3 25.Qb4 Rxa2 26.Red1 Rb2 27.Qe1 Bb5 28.Nd4 Qa5 
29.Qxa5 Nxa5 30.Bxd5 Rc8 31.Ne4 Rxc1 32.Rxc1 Bh6 33.Ra1 Bd3 34.Rxa5 Rb4 
35.Nc6 Rxe4 36.Bxe4 Bxe4 37.Nxe7+ Kf8 38.Nd5 Kg7 39.Kh2 Bxd5 40.Rxd5 Bxf4+
41.Kg2 g5 42.Kf3 Kg6 43.Ke4 f6 44.e6 h5 45.Rd8 f5+ 46.Kd5 Kf6 47.Rf8+ 1-0

[Event "POL-chT2"]
[Site "Poronin POL"]
[Date "2016.09.08"]
[Round "6.15"]
[White "Zgadzaj, Rafal"]
[Black "Borgula, Rafal"]
[Result "1/2-1/2"]
[WhiteElo "2142"]
[BlackElo "2240"]
[EventDate "2016.09.02"]

1.Nf3 Nf6 2.g3 d5 3.Bg2 c6 4.O-O Bf5 5.d3 Nbd7 6.c4 e6 7.Be3 dxc4 8.dxc4 
e5 9.Nc3 Be7 10.Rc1 O-O 11.Qb3 Qc7 12.Nh4 Bg6 13.Nxg6 hxg6 14.Rfd1 Nc5 15.
Qc2 Rfd8 16.Bh3 Rxd1+ 17.Rxd1 Rd8 18.Rxd8+ Qxd8 19.b4 Ncd7 20.c5 a5 21.a3 
axb4 22.axb4 Nb8 23.Qb3 Na6 24.Qc4 Nc7 25.Bg2 Qd7 26.h3 Qe6 27.Qxe6 Nxe6 
28.Bd2 Kf8 29.Kf1 Ke8 30.e4 Nd7 31.Na4 Nd4 32.Bc3 Nb5 33.Bb2 Bd8 34.Ke2 
Bc7 35.Bf1 Ke7 36.Kd2 Na7 37.Kd3 f6 38.Bc1 b6 39.Be3 bxc5 40.Nxc5 Nb5 41.
Na4 Bd6 42.Kc4 Kd8 43.Kb3 Nc7 44.h4 Ne6 45.Bd3 Bc7 46.Kc3 Ke7 47.Bc4 Bd6 
48.Ba6 Nb8 49.Bc8 Nd7 50.Bb7 Nb8 51.Bc8 Nd7 52.Nb2 Kd8 53.Ba6 Nb8 54.Bc4 
Ke7 55.Bd3 Nd7 56.Nc4 Bc7 57.Na5 Nb8 58.Ba7 Kd7 59.Bc4 Nd4 60.Bxd4 exd4+ 
61.Kxd4 Bb6+ 62.Kd3 Bxf2 63.g4 Bxh4 64.Bf7 g5 65.Nb7 Ke7 66.Bb3 Nd7 67.Na5
Ne5+ 68.Ke2 Kd7 69.Ba4 Kc7 70.Nb3 Nxg4 71.Nd4 Ne5 72.Ne6+ Kb6 73.Nxg7 g4 
74.Nf5 Bg5 75.Ng3 Nc4 76.Nf5 Bf4 77.Nd4 Ne5 78.Bc2 Bc1 79.Ba4 Bb2 80.Nc2 
Bc3 81.Kf2 Nf3 82.Kg3 Nd2 83.Kxg4 Nxe4 84.Kf5 Nd2 85.Ne3 Nf3 86.Ng4 Nh4+ 
87.Kf4 Ng6+ 88.Ke4 Ne7 89.Kd3 Bb2 90.Ne3 Kc7 91.b5 cxb5 1/2-1/2

[Event "POL-chT2"]
[Site "Poronin POL"]
[Date "2016.09.08"]
[Round "6.16"]
[White "Robak, Zbigniew"]
[Black "Sztwiertnia, Jan Krzysztof"]
[Result "1-0"]
[WhiteElo "2204"]
[BlackElo "2128"]
[EventDate "2016.09.02"]

1.e4 e5 2.Nf3 Nc6 3.Bb5 g6 4.O-O Bg7 5.c3 a6 6.Ba4 d6 7.h3 Bd7 8.d4 Nf6 9.
Re1 O-O 10.d5 Ne7 11.Bxd7 Qxd7 12.c4 c6 13.Nc3 h6 14.Be3 c5 15.Nd2 Nh7 16.
Qa4 Qd8 17.b4 f5 18.f3 b6 19.Rab1 f4 20.Bf2 g5 21.Rb2 h5 22.Reb1 g4 23.
hxg4 hxg4 24.fxg4 Ng6 25.Nf3 Qc8 26.bxc5 bxc5 27.Rb7 Rd8 28.Nh2 f3 29.g3 
Ng5 30.Qc6 Qxc6 31.dxc6 Rf8 32.c7 Rac8 33.R1b6 Rf7 34.Rxd6 Nf8 35.Nd5 Nxe4
36.Rd8 Nxf2 37.Kxf2 e4 38.Rxc8 Bd4+ 39.Ne3 1-0

[Event "POL-chT2"]
[Site "Poronin POL"]
[Date "2016.09.08"]
[Round "6.17"]
[White "Szajda, Marcin"]
[Black "Konieczynski, Piotr"]
[Result "1/2-1/2"]
[WhiteElo "2033"]
[BlackElo "1950"]
[EventDate "2016.09.02"]

1.e4 c6 2.d4 d5 3.exd5 cxd5 4.Bd3 Nc6 5.c3 Nf6 6.h3 e5 7.dxe5 Nxe5 8.Bc2 
Be7 9.Nf3 Nxf3+ 10.Qxf3 O-O 11.O-O Be6 12.Nd2 Nd7 13.Nb3 Bf6 14.Be3 Ne5 
15.Qh5 g6 16.Qe2 Nc4 17.Bd3 Nxe3 18.Qxe3 Re8 19.Rfe1 Qd6 20.Bb5 Bd7 21.Qd3
Bc6 22.Rxe8+ Rxe8 23.Rd1 Qc7 24.Qf1 Re7 25.Be2 a5 26.Nd4 Qb6 27.Rd2 Bxd4 
28.cxd4 Qd8 29.Bd3 Qb6 30.Be2 Qd8 31.Bf3 Qd6 32.g3 Qb4 33.Qd3 a4 34.a3 
Re1+ 35.Kg2 Qa5 36.Qc2 Qb6 37.Qc3 Re8 38.Qc5 Qb3 39.Qc3 Qb6 40.Qc5 Qb3 41.
Bd1 Qb5 42.Qxb5 Bxb5 43.Kf3 Kg7 44.h4 Kf6 45.Bc2 h6 46.g4 g5 47.hxg5+ hxg5
48.Bf5 Re7 49.Kg3 Ba6 50.f3 Rc7 51.f4 Rc4 52.Kf3 Rc1 53.fxg5+ Kxg5 54.Rh2 
Bc4 55.Rh5+ Kf6 56.Rh6+ Ke7 57.Rb6 Ba6 58.Kf4 f6 59.Re6+ Kf7 60.Rd6 Rf1+ 
61.Ke3 Re1+ 62.Kd2 Re2+ 63.Kc3 Bc4 64.Rd7+ Kf8 65.Rxb7 Bb3 66.Rh7 Rg2 67.
Rh3 Rf2 68.Rd3 Rc2+ 69.Kb4 Rxb2 70.Kc5 Re2 71.Kd6 Bc4 72.Rh3 Kg8 73.Be6+ 
Kg7 74.Bxd5 Bxd5 75.Kxd5 Rg2 76.Rc3 Rxg4 77.Rc4 f5 78.Rxa4 Kf6 79.Ra8 Rg3 
80.a4 Ra3 81.a5 f4 82.Rf8+ Ke7 83.Rxf4 Rxa5+ 84.Ke4 Ke6 85.Rh4 Rb5 86.Rh6+
Ke7 87.d5 Rb1 88.Kd4 1/2-1/2

[Event "POL-chT2"]
[Site "Poronin POL"]
[Date "2016.09.08"]
[Round "6.18"]
[White "Weglarz, Joanna"]
[Black "Chmiel, Dominika"]
[Result "0-1"]
[WhiteElo "1986"]
[BlackElo "2102"]
[EventDate "2016.09.02"]

1.d4 Nf6 2.Nf3 g6 3.Bf4 Bg7 4.c4 d6 5.h3 c5 6.e3 Nh5 7.Bh2 cxd4 8.Nxd4 Nc6
9.Nxc6 bxc6 10.Qd2 Rb8 11.Nc3 Qa5 12.Nd1 Qc5 13.Bd3 O-O 14.Rc1 Bd7 15.O-O 
Qg5 16.Kh1 Qh4 17.c5 d5 18.Bxb8 Rxb8 19.Kh2 e5 20.Rg1 e4 21.Bf1 Be5+ 22.g3
Qe7 23.b3 f5 24.Nc3 Rf8 25.Ne2 g5 26.Rc2 Kh8 27.Qd1 Qf7 28.Kh1 f4 29.g4 
Nf6 30.Qd2 f3 31.Ng3 Qg6 32.Kh2 Nxg4+ 0-1

[Event "POL-chT2"]
[Site "Poronin POL"]
[Date "2016.09.08"]
[Round "6.19"]
[White "Ponizil, Cyril"]
[Black "Gritsak, Orest"]
[Result "1-0"]
[WhiteElo "2521"]
[BlackElo "2497"]
[EventDate "2016.09.02"]

1.e4 c5 2.Nf3 d6 3.d4 cxd4 4.Nxd4 Nf6 5.Nc3 Nc6 6.Bg5 e6 7.Qd2 a6 8.O-O-O 
Bd7 9.f4 b5 10.Bxf6 gxf6 11.Nxc6 Bxc6 12.Bd3 Qb6 13.Qe1 Be7 14.Kb1 Qc5 15.
Rf1 b4 16.Ne2 a5 17.f5 e5 18.Nc1 a4 19.Qe2 a3 20.Bc4 axb2 21.Kxb2 Bf8 22.
Nb3 Qa7 23.a4 bxa3+ 24.Ka2 Rb8 25.Rf3 h5 26.Rc3 Bd7 27.Bd5 h4 28.Qg4 Ke7 
29.Rdd3 Bh6 30.Qd1 Bg5 31.Bc6 Rhc8 32.Rxd6 Rxc6 33.Rdxc6 Bxc6 34.Rxc6 Rd8 
35.Qe2 Kf8 36.Qc4 Rd7 37.Rc8+ Kg7 38.Qb4 Re7 39.Qd6 Qd7 40.Qb8 Be3 41.Rg8+
Kh6 42.Rh8+ 1-0

[Event "POL-chT2"]
[Site "Poronin POL"]
[Date "2016.09.08"]
[Round "6.20"]
[White "Lobejko, Rafal"]
[Black "Piesik, Piotr"]
[Result "1/2-1/2"]
[WhiteElo "2320"]
[BlackElo "2298"]
[EventDate "2016.09.02"]

1.Nf3 Nf6 2.g3 d5 3.Bg2 g6 4.O-O Bg7 5.c4 c6 6.cxd5 cxd5 7.d4 O-O 8.Nc3 
Ne4 9.Ne5 Nxc3 10.bxc3 Nc6 11.Nxc6 bxc6 12.Qa4 Qb6 13.Ba3 Qa6 14.Qxa6 Bxa6
15.Rfe1 Rfe8 16.e4 e6 17.Rab1 Bf8 18.Bxf8 Kxf8 19.Rb4 Bd3 20.Re3 Bc4 21.
exd5 exd5 22.Bf1 Bxf1 23.Rxe8+ Rxe8 24.Kxf1 Re7 25.Rb8+ Re8 26.Rb7 Re7 27.
Rb8+ Re8 28.Rb4 Re7 29.Rb8+ Re8 1/2-1/2

[Event "POL-chT2"]
[Site "Poronin POL"]
[Date "2016.09.08"]
[Round "6.21"]
[White "Paszewski, Mateusz"]
[Black "Miroslaw, Michal"]
[Result "1-0"]
[WhiteElo "2272"]
[BlackElo "2312"]
[EventDate "2016.09.02"]

1.c4 e5 2.g3 Nf6 3.Bg2 d5 4.cxd5 Nxd5 5.Nc3 Nb6 6.Nf3 Nc6 7.O-O Be7 8.a3 
a5 9.d3 O-O 10.Be3 Be6 11.Rc1 Nd5 12.Nxd5 Bxd5 13.Qa4 f6 14.Qb5 a4 15.Nd2 
Bxg2 16.Kxg2 Qc8 17.Ne4 f5 18.Nd2 Ra5 19.Qc4+ Kh8 20.f3 Bf6 21.Rc2 Qd7 22.
Nb1 Rc8 23.b4 axb3 24.Qxb3 b6 25.Rfc1 Ne7 26.Nc3 b5 27.Bc5 c6 28.Qf7 Qe8 
29.Qxe8+ Rxe8 30.Nb1 Bg5 31.Bxe7 Bxe7 32.Rxc6 Bxa3 33.Rc8 Rg8 34.Nxa3 Rxa3
35.Rxg8+ Kxg8 36.Rc8+ Kf7 37.Rc5 Ra2 38.Kf2 Kf6 39.Rxb5 Rc2 40.Rb6+ Kf7 
41.h4 h5 42.Rb4 Kf6 43.Ke3 Rc1 44.Rb6+ Kf7 45.f4 exf4+ 46.Kxf4 Rf1+ 47.Kg5
Rg1 48.Kxf5 Rxg3 49.Rb7+ Kf8 50.d4 Re3 51.Rb2 Ke7 52.Kf4 Rh3 53.e4 Rxh4+ 
54.Ke5 Rg4 55.Rb7+ Ke8 56.d5 Rg1 57.Ke6 Rg6+ 58.Kf5 Rf6+ 59.Kg5 Rf1 60.e5 
Rg1+ 61.Kf5 Kd8 62.d6 Kc8 63.Rc7+ Kd8 64.e6 Rf1+ 65.Kg5 Rg1+ 66.Kxh5 Rh1+ 
67.Kg4 Rg1+ 68.Kh3 Re1 69.e7+ 1-0

[Event "POL-chT2"]
[Site "Poronin POL"]
[Date "2016.09.08"]
[Round "6.22"]
[White "Polkowski, Piotr"]
[Black "Tomaszewski, Roman"]
[Result "1-0"]
[WhiteElo "2103"]
[BlackElo "2296"]
[EventDate "2016.09.02"]

1.e4 c6 2.d4 d5 3.Nd2 g6 4.h3 Bg7 5.Ngf3 Nh6 6.Bd3 O-O 7.O-O Nd7 8.Re1 Re8
9.c3 f6 10.exd5 cxd5 11.Qb3 Nb6 12.Ne4 Nf7 13.Nc5 e5 14.Bb5 Re7 15.dxe5 
fxe5 16.a4 a5 17.Be3 Qc7 18.Rad1 Bf5 19.Bf1 Nc4 20.g4 Nxe3 21.Rxe3 Qxc5 
22.gxf5 Rd8 23.fxg6 hxg6 24.Nh4 Rd6 25.Rg3 Ree6 26.Qxb7 Rf6 27.Nf3 e4 28.
Nd4 Rb6 29.Qa8+ Kh7 30.Bb5 Nd6 31.Rg5 e3 32.fxe3 Ne4 33.Qxd5 Qxd5 34.Rxd5 
Rf2 35.Bd3 Nf6 36.Kxf2 Nxd5 37.Bb5 Nc7 38.Ke2 Kh6 39.c4 Bf8 40.Nc6 Bg7 41.
Rd7 Ne6 42.b4 axb4 43.a5 Nc5 44.axb6 Nxd7 45.b7 b3 46.Ba4 b2 47.Bc2 1-0

[Event "POL-chT2"]
[Site "Poronin POL"]
[Date "2016.09.08"]
[Round "6.23"]
[White "Szusterowski, Radoslaw"]
[Black "Praszak, Michal"]
[Result "1/2-1/2"]
[WhiteElo "2224"]
[BlackElo "2095"]
[EventDate "2016.09.02"]

1.d4 Nf6 2.Nf3 g6 3.c4 Bg7 4.Nc3 O-O 5.e4 d6 6.Be2 c5 7.O-O Nbd7 8.Re1 a6 
9.h3 b6 10.d5 Ne8 11.a4 Rb8 12.Bd3 e5 13.Qc2 Ndf6 14.Rb1 a5 15.Ne2 h6 16.
Ng3 Nh7 17.Bd2 h5 18.Nh2 Rb7 19.Ngf1 f5 20.exf5 gxf5 21.Ng3 e4 22.Be2 h4 
23.Nh5 Bd4 24.Bh6 Ng7 25.Qd2 Qe8 26.Nxg7 Bxg7 27.Bf4 Qe7 28.f3 Bd4+ 29.Be3
Qg7 30.f4 Bd7 31.Bd1 Be8 32.Kh1 Bf6 33.Qf2 Kh8 34.Rg1 Rg8 35.Nf1 Qh6 36.b3
Rbg7 37.Rc1 Bh5 38.Qd2 Bxd1 39.Qxd1 Nf8 40.Qd2 Nd7 41.Kh2 Rg6 42.Rc2 Qg7 
43.Qd1 Qh6 44.Qe2 Kh7 45.g4 hxg3+ 46.Nxg3 Rxg3 47.Rxg3 Rxg3 48.Kxg3 Bh4+ 
49.Kh2 Nf6 50.Rc1 Nh5 51.Rg1 Ng7 52.Qg2 Bf6 53.Bc1 Bd4 54.Rf1 Qh5 55.Re1 
Qh4 56.Re2 Qh5 57.Bd2 Ne8 58.Re1 Ng7 59.Be3 Bf6 60.Rg1 Qh6 61.Kh1 Qh5 62.
Rf1 Qh4 63.Bd2 Qh6 64.Kh2 1/2-1/2

[Event "POL-chT2"]
[Site "Poronin POL"]
[Date "2016.09.08"]
[Round "6.24"]
[White "Toma, Katarzyna"]
[Black "Lach, Aleksandra"]
[Result "1-0"]
[WhiteElo "2324"]
[BlackElo "2154"]
[EventDate "2016.09.02"]

1.e4 c6 2.d4 d5 3.e5 c5 4.dxc5 Nc6 5.Nf3 Bg4 6.Bb5 Qa5+ 7.Nc3 e6 8.Be3 Ne7
9.a3 O-O-O 10.Bxc6 Nxc6 11.b4 Bxf3 12.gxf3 Qc7 13.Bd4 a6 14.f4 g5 15.fxg5 
h6 16.g6 fxg6 17.Na4 Nxd4 18.Qxd4 Bg7 19.f4 g5 20.O-O-O gxf4 21.Qxf4 Qxe5 
22.Qxe5 Bxe5 23.Nb6+ Kc7 24.Kb1 Bf4 25.Rhe1 Rhe8 26.Rd4 Bxh2 27.Rh1 Be5 
28.Rg4 Rg8 29.Rxg8 Rxg8 30.Rxh6 Re8 31.Rh7+ Kc6 32.Ka2 Bc7 33.Nd7 e5 34.
Nf6 Re6 35.Nxd5 Bd8 36.Nc3 e4 37.Ne2 Re7 38.Rh6+ Kd7 39.Kb3 Rg7 40.Rd6+ 
Ke7 41.Rd4 Rg4 42.Nc3 Rg3 43.Rxe4+ Kd7 44.Rd4+ Kc8 45.Rd3 Rg1 46.a4 a5 47.
b5 Be7 48.Kc4 Rg4+ 49.Rd4 Rg2 50.Re4 Kd8 51.Nd5 Rxc2+ 52.Kb3 Rxc5 53.Nxe7 
Rg5 54.Kc4 Kd7 55.Nd5 Kd6 56.Rd4 Rg3 57.Nf4+ 1-0

[Event "POL-chT2"]
[Site "Poronin POL"]
[Date "2016.09.08"]
[Round "6.25"]
[White "Lubczynski, Rafal"]
[Black "Janaszak, Dawid"]
[Result "0-1"]
[WhiteElo "2431"]
[BlackElo "2384"]
[EventDate "2016.09.02"]

1.d4 f5 2.Bg5 g6 3.Nc3 Bg7 4.e4 fxe4 5.Nxe4 d5 6.Ng3 c5 7.Bb5+ Nc6 8.c3 
cxd4 9.N1e2 dxc3 10.bxc3 Nf6 11.O-O O-O 12.Nf4 e6 13.Re1 h6 14.Bxf6 Qxf6 
15.Nd3 Bd7 16.Rc1 Rae8 17.Qd2 h5 18.f4 h4 19.Ne2 Bh6 20.c4 Rd8 21.cxd5 
exd5 22.Rc5 Bf5 23.Bxc6 bxc6 24.Nb4 Bd7 25.Qc2 Rc8 26.Nd3 Rce8 27.Rf1 Rf7 
28.Ra5 Rfe7 29.Ne5 Rxe5 0-1

[Event "POL-chT2"]
[Site "Poronin POL"]
[Date "2016.09.08"]
[Round "6.26"]
[White "Dudzinski, Piotr"]
[Black "Chojnacki, Krzysztof"]
[Result "1/2-1/2"]
[WhiteElo "2379"]
[BlackElo "2369"]
[EventDate "2016.09.02"]

1.e4 g6 2.d4 Bg7 3.Nc3 d6 4.Be3 c6 5.Qd2 b5 6.Nge2 Nd7 7.g3 Nb6 8.b3 Nf6 
9.Bg2 O-O 10.O-O Ng4 11.Bf4 e5 12.dxe5 dxe5 13.Qxd8 Rxd8 14.Bg5 f6 15.Bc1 
b4 16.Nd1 a5 17.h3 Nh6 18.Be3 Nd7 19.Nb2 Ba6 20.Rfe1 Nf7 21.Rad1 Bf8 22.
Nc1 Nc5 23.Ncd3 Ne6 24.Na4 Bb5 25.Nac5 Nd4 26.Bxd4 Rxd4 27.Ne6 Rd6 28.Nxf8
Kxf8 29.Nc5 a4 30.Bf1 axb3 31.axb3 Bxf1 32.Kxf1 Ra2 33.Rxd6 Nxd6 34.Rc1 
Ra5 35.Nd3 c5 36.f3 Ke7 37.c3 1/2-1/2

[Event "POL-chT2"]
[Site "Poronin POL"]
[Date "2016.09.08"]
[Round "6.27"]
[White "Musialkiewicz, Jan"]
[Black "Dudzinski, Pawel"]
[Result "1/2-1/2"]
[WhiteElo "2264"]
[BlackElo "2232"]
[EventDate "2016.09.02"]

1.e4 c6 2.d4 d5 3.Nd2 g6 4.Ngf3 Nf6 5.e5 Nh5 6.h3 Ng7 7.Nb3 b6 8.Bh6 Ne6 
9.Qd2 f6 10.h4 Bxh6 11.Qxh6 Kf7 12.Bd3 Qf8 13.Qe3 h5 14.O-O Qh6 15.exf6 
exf6 16.Rae1 Kg7 17.Qe2 Re8 18.g3 Bd7 19.Qd2 Qxd2 20.Nbxd2 a5 21.Re3 Na6 
22.Bxa6 Rxa6 23.Rfe1 Kf7 24.Nb3 Ng7 25.Nc1 Rxe3 26.Rxe3 Nf5 27.Re1 Nd6 28.
Nd2 Bf5 29.c3 Ra7 30.f3 Re7 31.Rxe7+ Kxe7 1/2-1/2

[Event "POL-chT2"]
[Site "Poronin POL"]
[Date "2016.09.08"]
[Round "6.28"]
[White "Szadkowski, Kamil"]
[Black "Musialkiewicz, Pawel"]
[Result "1/2-1/2"]
[WhiteElo "2198"]
[BlackElo "2278"]
[EventDate "2016.09.02"]

1.e4 e6 2.d4 d5 3.Nd2 Nf6 4.e5 Nfd7 5.Bd3 c5 6.c3 Nc6 7.Ne2 cxd4 8.cxd4 f6
9.exf6 Nxf6 10.O-O Bd6 11.Nf3 Qc7 12.Bg5 O-O 13.Bh4 Nh5 14.Qc2 h6 15.Bh7+ 
Kh8 16.Bg6 Rxf3 17.Bxh5 Rf8 18.Bg3 Bd7 19.Rad1 Be8 20.Bg4 Bf7 21.Nc3 a6 
22.Na4 h5 23.Bxd6 Qxd6 24.Be2 Qb4 25.a3 Nxd4 26.axb4 Nxc2 27.Nb6 Rad8 28.
b5 e5 29.bxa6 bxa6 30.Rd2 Nd4 31.Re1 Rd6 32.Na4 Rc8 33.Bd1 Nc6 34.Nc5 Nb4 
35.Na4 d4 36.f4 exf4 37.Re4 Rc1 38.Kf2 Nc6 39.Rxf4 Kg8 40.Bf3 1/2-1/2

[Event "POL-chT2"]
[Site "Poronin POL"]
[Date "2016.09.08"]
[Round "6.29"]
[White "Bardeli, Lukasz"]
[Black "Michalski, Filip"]
[Result "1-0"]
[WhiteElo "2188"]
[BlackElo "2151"]
[EventDate "2016.09.02"]

1.Nf3 Nf6 2.c4 e6 3.g3 d5 4.b3 Be7 5.Bg2 O-O 6.O-O b6 7.Bb2 Bb7 8.e3 Nbd7 
9.d3 c5 10.Qe2 Qc7 11.Nc3 a6 12.Rac1 Rac8 13.Rfd1 Rfd8 14.cxd5 exd5 15.d4 
c4 16.bxc4 Qxc4 17.Qc2 b5 18.Qf5 Qb4 19.Ba1 g6 20.Qh3 Nb6 21.Ne5 Qd6 22.g4
Rc7 23.g5 Nh5 24.f4 Bc8 25.Qh4 b4 26.Nxd5 Nxd5 27.Bxd5 Qxd5 28.Rxc7 Bb7 
29.Rxb7 Qxb7 30.f5 Bd6 31.Rf1 Bxe5 32.fxg6 hxg6 33.dxe5 Rd2 34.Qg4 Ng7 35.
e6 Nxe6 36.Qh3 Ng7 37.Rc1 Qe7 38.Bf6 Qe8 39.Rc8 Rd1+ 40.Kf2 Rd2+ 41.Ke1 
1-0

[Event "POL-chT2"]
[Site "Poronin POL"]
[Date "2016.09.08"]
[Round "6.30"]
[White "Magnucka, Milena"]
[Black "Golek, Jagoda"]
[Result "1/2-1/2"]
[WhiteElo "1994"]
[BlackElo "2044"]
[EventDate "2016.09.02"]

1.e4 c6 2.d4 d5 3.Nc3 dxe4 4.Nxe4 Nd7 5.Nf3 Ngf6 6.Bd3 Nxe4 7.Bxe4 Nf6 8.
Bd3 Bg4 9.c3 e6 10.h3 Bh5 11.Bf4 Bd6 12.Bxd6 Qxd6 13.O-O O-O 14.Be2 c5 15.
dxc5 Qxc5 16.Nd4 Bg6 17.Bd3 Rad8 18.Bxg6 hxg6 19.Qf3 Qb6 20.Qe2 Rd5 21.
Rfd1 Rfd8 22.Nf3 Qd6 23.Rxd5 Nxd5 24.Qd2 Qc7 25.Rd1 Rc8 26.Qd4 a6 27.Ne5 
b5 28.Re1 Nb6 29.Rd1 Nd5 30.Re1 Nb6 31.Rd1 Nd5 32.Re1 1/2-1/2

[Event "POL-chT2"]
[Site "Poronin POL"]
[Date "2016.09.09"]
[Round "7.1"]
[White "Janaszak, Dawid"]
[Black "Jakubowski, Krzysztof"]
[Result "0-1"]
[WhiteElo "2384"]
[BlackElo "2529"]
[EventDate "2016.09.02"]

1.d4 Nf6 2.Nf3 e6 3.c4 b6 4.g3 Bb7 5.Bg2 g6 6.O-O Bg7 7.Bf4 d6 8.Qc1 h6 9.
Nc3 Nbd7 10.Qc2 g5 11.Bd2 Nh7 12.d5 Nhf8 13.h4 Rg8 14.hxg5 Bxc3 15.Qxc3 
hxg5 16.Nxg5 e5 17.f4 Qe7 18.Bh3 exf4 19.Bxf4 Rxg5 20.Bxg5 Qxg5 21.Rf5 Qe7
22.Raf1 Ne5 23.Rh5 Bc8 24.Bxc8 Rxc8 25.b4 c5 26.b5 Nfg6 27.a4 Ra8 28.a5 
bxa5 29.Ra1 Qd7 30.Rxa5 Qg4 31.Rh2 Qxc4 32.Qxc4 Nxc4 33.Ra6 Nb6 34.e4 Nc8 
35.Rc6 Kd7 36.Ra2 Rb8 37.Ra5 Ne5 38.Rca6 Nf3+ 39.Kg2 Nd4 40.Kg1 Ke8 0-1

[Event "POL-chT2"]
[Site "Poronin POL"]
[Date "2016.09.09"]
[Round "7.2"]
[White "Stryjecki, Marek"]
[Black "Dudzinski, Piotr"]
[Result "1-0"]
[WhiteElo "2427"]
[BlackElo "2379"]
[EventDate "2016.09.02"]

1.c4 c6 2.Nf3 d5 3.b3 Nf6 4.Bb2 Bf5 5.g3 e6 6.Bg2 Be7 7.O-O O-O 8.d3 h6 9.
Nbd2 Nbd7 10.Qc2 Rc8 11.a3 Ne8 12.b4 Bf6 13.Rac1 Qe7 14.Nd4 Bg6 15.cxd5 
exd5 16.N2b3 Nd6 17.Bh3 Nc4 18.Ba1 Rcd8 19.Qa2 Nd6 20.Na5 Rfe8 21.Naxc6 
bxc6 22.Nxc6 Qf8 23.Nxd8 Rxd8 24.Qxd5 Bxa1 25.Rxa1 Qe7 26.Rfe1 Nb6 27.Qa5 
Qf6 28.Rac1 Re8 29.e4 Qd4 30.Qc5 Qxd3 31.Bf1 Qxa3 32.Qxd6 Rxe4 33.Rxe4 
Bxe4 34.Re1 f5 35.Bg2 Qc3 36.Rd1 Bxg2 37.Qe6+ 1-0

[Event "POL-chT2"]
[Site "Poronin POL"]
[Date "2016.09.09"]
[Round "7.3"]
[White "Dudzinski, Pawel"]
[Black "Jaworski, Miroslaw"]
[Result "1/2-1/2"]
[WhiteElo "2232"]
[BlackElo "2263"]
[EventDate "2016.09.02"]

1.e4 c5 2.Nc3 d6 3.g3 Nc6 4.Bg2 g6 5.d3 Bg7 6.Be3 Nf6 7.h3 O-O 8.Nge2 e5 
9.O-O Nd4 10.f4 Be6 11.g4 Nxe2+ 12.Nxe2 exf4 13.Nxf4 Nd7 14.c3 Ne5 15.Qd2 
Nc6 16.Rf2 a5 17.d4 cxd4 18.cxd4 Nb4 19.a3 Na6 20.Nxe6 fxe6 21.Rxf8+ Bxf8 
22.d5 e5 23.Bf1 Nc5 24.Bxc5 dxc5 25.Bc4 Bd6 26.Rf1 Qh4 27.Kg2 b6 28.a4 Kg7
29.Qf2 Qxf2+ 30.Rxf2 Rf8 31.Rxf8 Kxf8 32.h4 h6 33.h5 gxh5 34.gxh5 Ke7 35.
Kf3 Kf6 36.Kg4 Bf8 37.Bb5 Bd6 38.Be8 1/2-1/2

[Event "POL-chT2"]
[Site "Poronin POL"]
[Date "2016.09.09"]
[Round "7.4"]
[White "Polok, Kacper"]
[Black "Szadkowski, Kamil"]
[Result "1-0"]
[WhiteElo "2299"]
[BlackElo "2198"]
[EventDate "2016.09.02"]

1.e4 e5 2.Nf3 Nc6 3.Bb5 a6 4.Ba4 Nf6 5.Qe2 b5 6.Bb3 Be7 7.O-O O-O 8.c3 d6 
9.Rd1 Na5 10.Bc2 c5 11.d4 Qc7 12.d5 Nd7 13.Nbd2 Nb6 14.Nf1 f5 15.exf5 Bxf5
16.Bxf5 Rxf5 17.Ng3 Rf7 18.Ne4 h6 19.Nxe5 dxe5 20.d6 Bxd6 21.Rxd6 Nb7 22.
Rg6 Kf8 23.Qh5 Nd5 24.Bxh6 Ne7 25.Ng5 Nd8 26.Bxg7+ Rxg7 27.Qh8+ Rg8 28.
Nh7+ Kf7 29.Qf6+ Ke8 30.Rxg8+ Nxg8 31.Qf8+ Kd7 32.Rd1+ Kc6 33.Qf3+ 1-0

[Event "POL-chT2"]
[Site "Poronin POL"]
[Date "2016.09.09"]
[Round "7.5"]
[White "Wlodarczyk, Oskar"]
[Black "Wieczorek, Zbigniew"]
[Result "1/2-1/2"]
[WhiteElo "2275"]
[BlackElo "2305"]
[EventDate "2016.09.02"]

1.e4 g6 2.d4 Bg7 3.Nc3 c6 4.Nf3 d6 5.Be2 b5 6.a3 Bb7 7.O-O Nd7 8.Re1 a6 9.
Bf1 e5 10.Bg5 Ngf6 11.dxe5 dxe5 12.Qd6 Bf8 13.Qd2 h6 14.Bh4 Qc7 15.a4 b4 
16.Na2 c5 17.Bc4 Bg7 18.Rad1 Nb6 19.Bd5 Nfxd5 20.exd5 Nxd5 21.Nxe5 O-O 22.
Bg3 Qc8 23.c4 bxc3 24.Nxc3 Nxc3 25.bxc3 Re8 26.Nc4 Rxe1+ 27.Rxe1 Qc6 28.f3
Re8 29.Rxe8+ Qxe8 30.a5 Qe6 1/2-1/2

[Event "POL-chT2"]
[Site "Poronin POL"]
[Date "2016.09.09"]
[Round "7.6"]
[White "Zemlickova, Olena"]
[Black "Magnucka, Milena"]
[Result "1-0"]
[WhiteElo "2091"]
[BlackElo "1994"]
[EventDate "2016.09.02"]

1.d4 Nf6 2.c4 g6 3.Nc3 Bg7 4.e4 d6 5.Be2 O-O 6.Bg5 c6 7.Qd2 a6 8.Nf3 b5 9.
a3 bxc4 10.Bxc4 Nxe4 11.Nxe4 d5 12.Bd3 dxe4 13.Bxe4 Be6 14.O-O Ra7 15.Rac1
Qb6 16.Be3 Bd5 17.Bxd5 cxd5 18.Rc5 e6 19.Rfc1 Nd7 20.Rc6 Qb5 21.b4 a5 22.
Bf4 axb4 23.Qxb4 Qd3 24.Bd6 Re8 25.Rc8 Ra8 26.Rxa8 Rxa8 27.Qb7 Rd8 28.Be7 
Bh6 29.Rf1 Rb8 30.Qxd7 1-0

[Event "POL-chT2"]
[Site "Poronin POL"]
[Date "2016.09.09"]
[Round "7.7"]
[White "Gritsak, Orest"]
[Black "Lubczynski, Rafal"]
[Result "1-0"]
[WhiteElo "2497"]
[BlackElo "2431"]
[EventDate "2016.09.02"]

1.Nf3 Nf6 2.c4 c6 3.Nc3 d5 4.e3 g6 5.d4 Bg7 6.Be2 O-O 7.O-O Nbd7 8.cxd5 
cxd5 9.a4 b6 10.b4 a6 11.Ba3 Bb7 12.b5 a5 13.Rc1 Ne8 14.Qb3 Nc7 15.Rc2 Re8
16.Rd1 h6 17.Na2 Rc8 18.Nc1 g5 19.Nd3 Ne6 20.Rxc8 Qxc8 21.Rc1 Qb8 22.g3 
Bf6 23.Nd2 Nef8 24.Rc6 Qa8 25.Rc7 Qb8 26.Rc6 Qa8 27.Rc2 Qb8 28.Bh5 e6 29.
Rc6 Rc8 30.Bd6 Qa8 31.Rc2 Rxc2 32.Qxc2 Qc8 33.Qxc8 Bxc8 34.Nf3 Ng6 35.Bxg6
fxg6 36.Bc7 Bb7 37.Nfe5 Bxe5 38.Nxe5 Nxe5 39.Bxe5 g4 40.Kf1 Kf7 41.Ke2 Ke7
42.Bc7 Bc8 43.Bxb6 Bd7 44.Bxa5 Kf6 45.Bc7 Kf5 46.Kd3 Be8 47.Be5 Bd7 48.Kc3
1-0

[Event "POL-chT2"]
[Site "Poronin POL"]
[Date "2016.09.09"]
[Round "7.8"]
[White "Chojnacki, Krzysztof"]
[Black "Stoma, Pawel"]
[Result "0-1"]
[WhiteElo "2369"]
[BlackElo "2333"]
[EventDate "2016.09.02"]

1.d4 d5 2.c4 c6 3.Nf3 Nf6 4.Nc3 a6 5.c5 Bf5 6.Qb3 Qc8 7.h3 Nbd7 8.Bf4 h6 
9.e3 e6 10.Be2 Be7 11.O-O O-O 12.Rad1 Re8 13.Na4 Bd8 14.Ne5 Bc7 15.f3 Qb8 
16.e4 Nxe5 17.Bxe5 Bxe5 18.dxe5 Qxe5 19.Qxb7 Nxe4 20.fxe4 Qxe4 21.Bh5 g6 
22.Nb6 Rab8 23.Qxc6 gxh5 24.Nd7 Qe3+ 25.Kh1 Rec8 26.Qd6 Rxb2 27.Rxf5 exf5 
28.Nf6+ Kh8 29.Nxd5 Qe6 30.Qf4 Re2 31.Nb6 Qg6 32.Qf3 Rce8 33.Rd6 R2e6 34.
Nd5 Rxd6 35.cxd6 Re1+ 36.Kh2 Qxd6+ 37.g3 h4 38.Nf4 Qd2+ 39.Ng2 hxg3+ 40.
Qxg3 Re2 41.Qb8+ Kh7 42.Qb7 Qxa2 43.Qf3 Rxg2+ 0-1

[Event "POL-chT2"]
[Site "Poronin POL"]
[Date "2016.09.09"]
[Round "7.9"]
[White "Lobejko, Rafal"]
[Black "Musialkiewicz, Jan"]
[Result "1/2-1/2"]
[WhiteElo "2320"]
[BlackElo "2264"]
[EventDate "2016.09.02"]

1.e4 c5 2.Nf3 e6 3.d4 cxd4 4.Nxd4 Nc6 5.Nxc6 bxc6 6.Bd3 Nf6 7.O-O d5 8.Nd2
Be7 9.Qe2 a5 10.Re1 Qb6 11.e5 Nd7 12.Nf3 Ba6 13.Bg5 Bc5 14.Rab1 h6 15.Bd2 
O-O 16.c4 f5 17.exf6 Rxf6 18.Rf1 e5 19.Nxe5 Nxe5 20.Qxe5 dxc4 21.Bc2 Rd8 
22.Bc3 Bd4 23.Qe4 g6 24.Bxd4 Rxd4 25.Qe8+ Kg7 26.Rbe1 Rdf4 27.Re7+ Rf7 28.
Rxf7+ Rxf7 29.Qe5+ Rf6 30.Qe7+ Rf7 31.Qe5+ Rf6 32.Qe7+ Rf7 33.Qe5+ 1/2-1/2

[Event "POL-chT2"]
[Site "Poronin POL"]
[Date "2016.09.09"]
[Round "7.10"]
[White "Musialkiewicz, Pawel"]
[Black "Panas, Pawel"]
[Result "0-1"]
[WhiteElo "2278"]
[BlackElo "2132"]
[EventDate "2016.09.02"]

1.c4 e6 2.Nc3 c5 3.Nf3 Nf6 4.e4 d6 5.d4 cxd4 6.Nxd4 Be7 7.Be2 a6 8.O-O Qc7
9.Be3 O-O 10.Rc1 b6 11.f4 Bb7 12.Bf3 Nbd7 13.b4 Rfe8 14.g4 Nf8 15.Nb3 Rac8
16.g5 N6d7 17.Na4 Qb8 18.Qd4 Qa8 19.Nd2 e5 20.fxe5 Ne6 21.Qb2 dxe5 22.h4 
b5 23.cxb5 axb5 24.Nc3 Nf4 25.Qb1 Bc6 26.Bg4 Rcd8 27.Nf3 Bf8 28.Rcd1 Qa3 
29.Bxf4 exf4 30.Rd3 Nb6 31.Rfd1 Rxd3 32.Rxd3 Qxb4 33.Qxb4 Bxb4 34.Nd2 Nc4 
35.a3 Bc5+ 36.Kg2 Ne5 37.Rf3 Nxg4 38.Rxf4 Be3 0-1